000 00413nam a2200145 i 4500
001 97852
003 ES-MaACL
005 20230906182154.0
007 t|
008 050719s1906 sp ||||1| spa d
100 1 _aMarina y Muñoz, Juan.
_976828
245 1 4 _aLas direcciones de la psicología contemporánea /
_cJuan Muñoz y Marina.
260 _aCiudad Real :
_b[s.n.],
_c1906.
852 _aES-MaACL
_jT-1128-F-2
999 _c97852
_d97852